Unlock : reading, writing, & critical thinking. Level 5. Student's book with digital pack/ (Record no. 825)

MARC details
000 -LEADER
fixed length control field 00819nam a22002297a 4500
005 - DATE AND TIME OF LATEST TRANSACTION
control field 20250224105855.0
008 - FIXED-LENGTH DATA ELEMENTS--GENERAL INFORMATION
fixed length control field 230222b ||||| |||| 00| 0 eng d
020 ## - INTERNATIONAL STANDARD BOOK NUMBER
International Standard Book Number 9781009031448
040 ## - CATALOGING SOURCE
Transcribing agency KCST
082 ## - DEWEY DECIMAL CLASSIFICATION NUMBER
Classification number 428.24
Item number Wi Un
100 ## - MAIN ENTRY--PERSONAL NAME
Personal name Jessica Williams (Author), Sabina Ostrowska (Author), Chris Sowton (Author)
9 (RLIN) 5724
245 ## - TITLE STATEMENT
Title Unlock : reading, writing, & critical thinking. Level 5. Student's book with digital pack/
Statement of responsibility, etc. Williams, Jessica, Ostrowska, Sabina, Sowton, Chris
250 ## - EDITION STATEMENT
Edition statement 2nd
260 ## - PUBLICATION, DISTRIBUTION, ETC.
Place of publication, distribution, etc. Cambridge:
Name of publisher, distributor, etc. Cambridge University Press;
Date of publication, distribution, etc. 2021.
300 ## - PHYSICAL DESCRIPTION
Extent 271 p.
650 ## - SUBJECT ADDED ENTRY--TOPICAL TERM
Topical term or geographic name entry element Comprehension
9 (RLIN) 5725
650 ## - SUBJECT ADDED ENTRY--TOPICAL TERM
Topical term or geographic name entry element Comprehension Problems, exercises, etc
9 (RLIN) 5726
650 ## - SUBJECT ADDED ENTRY--TOPICAL TERM
Topical term or geographic name entry element English language
9 (RLIN) 2090
700 ## - ADDED ENTRY--PERSONAL NAME
Personal name Ostrowska, Sabina
9 (RLIN) 5426
700 ## - ADDED ENTRY--PERSONAL NAME
Personal name Sowton, Chris
9 (RLIN) 5143
942 ## - ADDED ENTRY ELEMENTS (KOHA)
Source of classification or shelving scheme Dewey Decimal Classification
Koha item type Course Textbook
Holdings
Withdrawn status Lost status Source of classification or shelving scheme Damaged status Not for loan Home library Current library Date acquired Source of acquisition Cost, normal purchase price Total checkouts Full call number Barcode Date last seen Date last checked out Price effective from Koha item type
    Dewey Decimal Classification     KCST Library KCST Library 22/02/2023 Free copy from publisher - That AlSalasil 0.00 2 428.24 Wi Un 1000001090 07/05/2025 17/04/2025 22/02/2023 Course Textbook
    Dewey Decimal Classification     KCST Library KCST Library 22/02/2023 Free copy from publisher - That AlSalasil 0.00   428.24 Wi Un 1000001091 22/02/2023   22/02/2023 Course Textbook
    Dewey Decimal Classification     KCST Library KCST Library 10/08/2023 Donation - Ms Rawan AlKandari - Staff 0.00   428.24 Wi Un 1000001155 10/08/2023   10/08/2023 Course Textbook
    Dewey Decimal Classification     KCST Library KCST Library 10/08/2023 Free copy from publisher - That AlSalasil 0.00   428.24 Wi Un 1000001092 10/08/2023   10/08/2023 Course Textbook
© 2025 KCST. All rights reserved